000 00521nam a2200181Ia 4500
003 OSt
005 20250805115315.0
008 210210b1962 xxu||||| |||| 00| 0 eng d
040 _cAL
041 _akan
082 _a859/1051
100 _aPADMANABHA SOMAYAJI (B)
_9145865
_dಪದ್ಮನಾಭ ಸೋಮಯಾಜಿ (ಬಿ)
245 _aYaksha kanye:
_bಯಕ್ಷ ಕನ್ಯೆ
260 _aMangaluru
_bViveka Sahityamale
_c1962
690 _aKannada Fiction
_9145866
906 _a021797
942 _2ddc
_cBK
999 _c145896
_d145896